| 000 | 00977cam a22002894a 4500 | ||
|---|---|---|---|
| 999 |
_c522517 _d522517 |
||
| 001 | 12858355 | ||
| 003 | NUST | ||
| 005 | 20181030112550.0 | ||
| 008 | 020717s2003 nyua b 001 0 eng | ||
| 010 | _a 2002011301 | ||
| 020 | _a0814407455 | ||
| 038 | _aWASEEM | ||
| 040 |
_aDLC _cDLC _dDLC |
||
| 042 | _apcc | ||
| 050 | 0 | 0 |
_aHF5549.5.T7 _bT256 2003 |
| 082 | 0 | 0 |
_a658.3124 _bTAM |
| 100 | 1 |
_aTamblyn, Doni. _912424 |
|
| 245 | 1 | 0 |
_aLaugh and learn : _b95 ways to use humor for more effective teaching and training / _cDoni Tamblyn. |
| 260 |
_aNew York : _bAMACOM, _cc2003. |
||
| 300 |
_axv, 256 p. : _bill. ; _c24 cm. |
||
| 504 | _aIncludes bibliographical references (p. [231]-234) and index. | ||
| 650 | 0 | 0 |
_aEmployees _xTraining of. _98106 |
| 650 | 0 |
_aWit and humor in business. _912425 |
|
| 906 |
_a7 _bcbc _corignew _d1 _eecip _f20 _gy-gencatlg |
||
| 942 |
_2ddc _cBK |
||